Click to Translate - Romansch - Statistics

General Stats
  • This quiz has been taken 1,662 times
  • The average score is 15 of 20
Answer Stats
Hint Answer % Correct
Beautiful Bellezza
94%
Good evening Buna saira
92%
Goodbye A revair
91%
Four Quatter
91%
Please Per plaschair
90%
Bread Paun
89%
Brown Brin
87%
House Chasa
87%
Cow Vacha
86%
Sunday Dumengia
85%
South Sid
84%
Dog Chaun
81%
Snow Naiv
72%
Laugh Rir
68%
Ear Ureglia
64%
See Vesair
62%
Sky Tschiel
59%
Bird Utschè
40%
After Suenter
35%
June Zercladur
28%
No matching quizzes found
Score Distribution
Percent of People with Each Score
Percentile by Number Answered
Your Score History
You have not taken this quiz